000 00611nam a2200181 i 4500
001 77123
003 ES-MaACL
005 20250809062551.0
007 t|
008 041006m19001905sp ||||1| spa d
100 1 _aGutiérrez-Cañas Gutiérrez, Demetrio.
_961102
245 1 0 _aEnsayo sobre la filosofía del procedimiento judicial, la técnica y la moral en el foro /
_cpor Demetrio Gutiérrez-Cañas Gutiérrez.
260 _aValladolid :
_bAndrés Martín,
_c1900-1905.
300 _a4 v. ;
_c23 cm.
650 4 _aDerecho-
_xFilosofía
_911620
852 _aES-MaACL
_jG-14235-38
999 _c77123
_d77123